<?xml version="1.0" encoding="UTF-8"?>
<collection xmlns="http://www.loc.gov/MARC21/slim">
 <record>
  <leader>05331nam a2200337 a 4500</leader>
  <controlfield tag="001">kal513</controlfield>
  <controlfield tag="003">Gr-AtHEAL</controlfield>
  <controlfield tag="005">20160426102334.0</controlfield>
  <controlfield tag="006">m        d        </controlfield>
  <controlfield tag="008">160413s2015    gr      s           gre|c</controlfield>
  <datafield tag="020" ind1=" " ind2=" ">
   <subfield code="a">9789606031991</subfield>
  </datafield>
  <datafield tag="040" ind1=" " ind2=" ">
   <subfield code="a">GR-AtHEAL</subfield>
   <subfield code="b">gre</subfield>
   <subfield code="c">GR-AtHEAL</subfield>
  </datafield>
  <datafield tag="082" ind1="0" ind2="4">
   <subfield code="a">620.82</subfield>
   <subfield code="2">23</subfield>
  </datafield>
  <datafield tag="100" ind1="1" ind2=" ">
   <subfield code="a">Μαρμαράς, Νικόλαος.</subfield>
   <subfield code="8">1926</subfield>
  </datafield>
  <datafield tag="245" ind1="1" ind2="0">
   <subfield code="a">Εισαγωγή στην εργονομία</subfield>
   <subfield code="h">[Ηλεκτρονικός πόρος] </subfield>
   <subfield code="c">Μαρμαράς, Νικόλαος ; Ναθαναήλ, Δημήτριος ; Κριτικός αναγνώστης,Κοντογιάννης, Θωμάς ; Γραφιστική επιμέλεια,Γκίκας, Κωνσταντίνος ; Τεχνική επιμέλεια,,Γκίκας, Κωνσταντίνος.</subfield>
  </datafield>
  <datafield tag="260" ind1=" " ind2=" ">
   <subfield code="a">Αθήνα :</subfield>
   <subfield code="b">Σύνδεσμος Ελληνικών Ακαδημαϊκών Βιβλιοθηκών,</subfield>
   <subfield code="c">c2015.</subfield>
  </datafield>
  <datafield tag="490" ind1=" " ind2=" ">
   <subfield code="a">Ακαδημαϊκά Ηλεκτρονικά Συγγράμματα και Βοηθήματα Κάλλιπος</subfield>
   <subfield code="8">40</subfield>
  </datafield>
  <datafield tag="520" ind1=" " ind2=" ">
   <subfield code="a">Το παρόν σύγγραμμα παρουσιάζει βασικές γνώσεις σχετικές με το αντικείμενο της Εργονομίας. Οι γνώσεις αυτές είναι δύο κατηγοριών. Στην πρώτη κατηγορία ανήκουν γνώσεις σχετικές με τις δυνατότητες που έχει ο άνθρωπος να αλληλεπιδρά με το περιβάλλον του εκτελώντας στοχευμένες δράσεις –δηλαδή εκτελώντας εργασίες–, καθώς και με τις συνέπειες που έχει η αλληλεπίδραση αυτή στον άνθρωπο (π.χ. δυνατότητες υιοθέτησης συγκεκριμένων στάσεων του σώματος και συνεπαγόμενη κόπωση, δυνατότητες αντίληψης πληροφοριών που εκπέμπονται από το περιβάλλον και πιθανά ανθρώπινα λάθη συνδεόμενα με την αντίληψή τους). Στη δεύτερη κατηγορία ανήκουν μεθοδολογικές γνώσεις, δηλαδή γνώσεις σχετικές με το πώς μπορούμε να παρέμβουμε σε ένα σύστημα εργασίας ώστε να διευκολύνουμε την εκτέλεση της ανθρώπινης εργασίας –και επομένως να βελτιώσουμε την απόδοση του συστήματος που μας απασχολεί–, και ταυτόχρονα να μειώσουμε τις πιθανές αρνητικές συνέπειες της εργασίας στον άνθρωπο (π.χ. σωματική, νοητική ή ψυχική κόπωση, ασθένειες σχετιζόμενες με την εργασία, ανθρώπινα λάθη). Οι παρεμβάσεις αυτές μπορεί να έχουν τη μορφή σχεδιασμού ή ανασχεδιασμού υλικών ή άυλων τεχνημάτων (π.χ. εργαλείων, διαμεσολαβητών ανθρώπου-μηχανών, διαδικασιών εκτέλεσης εργασίας, λογισμικού, συστημάτων πληροφόρησης, προγραμμάτων ειδικής εκπαίδευσης). Το σύγγραμμα στοχεύει στο να αποτελεί βασικό βοήθημα για όσους/-ες διδάσκουν ή παρακολουθούν μαθήματα Εργονομίας. Ταυτόχρονα, ελπίζεται ότι θα αποτελεί και βιβλίο αναφοράς για όσους/-ες, ασκώντας το επάγγελμά τους, καλούνται να σχεδιάσουν τεχνήματα ή να παρέμβουν σε συστήματα εργασίας στα οποία ο ρόλος του ανθρώπινου παράγοντα είναι κρίσιμης σημασίας, με σκοπούς τη βελτίωση της απόδοσης του όλου συστήματος, των συνθηκών εργασίας, της ασφάλειας και της υγείας των εργαζομένων.</subfield>
  </datafield>
  <datafield tag="650" ind1=" " ind2="0">
   <subfield code="a">Human engineering</subfield>
   <subfield code="8">2500</subfield>
  </datafield>
  <datafield tag="653" ind1=" " ind2=" ">
   <subfield code="a">Γνωστική εργονομία</subfield>
  </datafield>
  <datafield tag="653" ind1=" " ind2=" ">
   <subfield code="a">Αλληλεπίδραση ανθρώπου-ηλεκτρονικού υπολογιστή</subfield>
  </datafield>
  <datafield tag="653" ind1=" " ind2=" ">
   <subfield code="a">Αλληλεπίδραση ανθρώπου-μηχανής</subfield>
  </datafield>
  <datafield tag="653" ind1=" " ind2=" ">
   <subfield code="a">Εργονομία</subfield>
  </datafield>
  <datafield tag="653" ind1=" " ind2=" ">
   <subfield code="a">Τεχνολογία και επιστήμες μηχανικών</subfield>
  </datafield>
  <datafield tag="700" ind1="1" ind2=" ">
   <subfield code="a">Ναθαναήλ, Δημήτριος</subfield>
   <subfield code="e">Συγγραφέας</subfield>
   <subfield code="8">1927</subfield>
  </datafield>
  <datafield tag="700" ind1="1" ind2=" ">
   <subfield code="a">Κοντογιάννης, Θωμάς</subfield>
   <subfield code="e">Κριτικός αναγνώστης</subfield>
   <subfield code="8">1928</subfield>
  </datafield>
  <datafield tag="856" ind1="4" ind2="0">
   <subfield code="u">http://hdl.handle.net/11419/513</subfield>
   <subfield code="z">Πλήρες Κείμενο - Full text</subfield>
  </datafield>
  <datafield tag="907" ind1=" " ind2=" ">
   <subfield code="a">.b25677809</subfield>
   <subfield code="b">12-06-18</subfield>
   <subfield code="c">29-07-16</subfield>
  </datafield>
  <datafield tag="949" ind1=" " ind2=" ">
   <subfield code="0">0</subfield>
   <subfield code="1">0</subfield>
   <subfield code="2">ddc</subfield>
   <subfield code="4">0</subfield>
   <subfield code="6">620_820000000000000_ΜΑΡ</subfield>
   <subfield code="7">0</subfield>
   <subfield code="8">KALL</subfield>
   <subfield code="8">538</subfield>
   <subfield code="d">2016-04-13</subfield>
   <subfield code="r">2016-04-13</subfield>
   <subfield code="w">2016-04-13</subfield>
   <subfield code="z">620.82 ΜΑΡ</subfield>
   <subfield code="o">SEAB KALLIPOS</subfield>
  </datafield>
  <datafield tag="998" ind1=" " ind2=" ">
   <subfield code="a">80</subfield>
   <subfield code="a">01</subfield>
   <subfield code="a">02</subfield>
   <subfield code="a">03</subfield>
   <subfield code="a">04</subfield>
   <subfield code="a">05</subfield>
   <subfield code="a">06</subfield>
   <subfield code="a">07</subfield>
   <subfield code="a">08</subfield>
   <subfield code="a">09</subfield>
   <subfield code="a">10</subfield>
   <subfield code="a">11</subfield>
   <subfield code="a">12</subfield>
   <subfield code="a">13</subfield>
   <subfield code="a">14</subfield>
   <subfield code="a">15</subfield>
   <subfield code="a">16</subfield>
   <subfield code="a">17</subfield>
   <subfield code="a">18</subfield>
   <subfield code="a">19</subfield>
   <subfield code="a">20</subfield>
   <subfield code="a">21</subfield>
   <subfield code="a">22</subfield>
   <subfield code="a">23</subfield>
   <subfield code="a">24</subfield>
   <subfield code="a">25</subfield>
   <subfield code="a">26</subfield>
   <subfield code="b">11-05-17</subfield>
   <subfield code="c">m</subfield>
   <subfield code="d">z  </subfield>
   <subfield code="e">-</subfield>
   <subfield code="f">gre</subfield>
   <subfield code="g">gr </subfield>
   <subfield code="h">0</subfield>
  </datafield>
  <datafield tag="942" ind1=" " ind2=" ">
   <subfield code="2">ddc</subfield>
   <subfield code="c">KALLIPOS</subfield>
  </datafield>
 </record>
</collection>
